Ricostruisci la Carriera del Calciatore - Memphis Depay - Statistics

Statistiche generali
  • Questo quiz è stato fatto 11 volte
  • Il punteggio medio è 3 su 5
Statistiche sulle risposte
Hint Risposta % Corretto
2011-2015 PSV
100%
2023- Atlético Madrid
71%
2021-2023 Barcellona
71%
2015-2017 Manchester Utd
43%
2017-2021 Olympique Lione
43%
Nessun quiz corrispondente trovato
Distribuzione punteggi
Percentuale di utenti per punteggio
Percentile per numero di risposta
I tuoi punteggi nel tempo
Non hai fatto questo quiz